Perseverancia : boletín de la OEP / boletín de la OEP /
Descripción Física:
1 vol. enquadernat ; 24 cm. ; Il. b/n ; periodicitat: mensual
Descripción:
Conté índex de l'any 1944.
Otros Autores:
Obra d'Exercicis Parroquials
Idioma:
Español
MARC
| LEADER | 00000nas a2200000 a 4500 | ||
|---|---|---|---|
| 001 | 14506 | ||
| 003 | Arxiu | ||
| 005 | 20260324175400.0 | ||
| 008 | 160829s9999 xx 000 0 cat d | ||
| 040 | |a agdb | ||
| 041 | |a spa | ||
| 080 | |a Revistes | ||
| 245 | |a Perseverancia : |b boletín de la OEP / |c [Obra de Ejercicios Parroquiales] | ||
| 260 | |a Barcelona : |b OEP ; |c [193 - ?]- | ||
| 300 | |a 1 vol. enquadernat ; |c 24 cm. ; |b Il. b/n ; periodicitat: mensual | ||
| 310 | |a Mensual | ||
| 500 | |a Comença nova època: No. 39 (enero 1944). | ||
| 500 | |a Descripció basada en: No. 39 (enero 1944). | ||
| 520 | |a Conté índex de l'any 1944. | ||
| 525 | |a Suplement de: Boletín Oficial del Obispado. | ||
| 650 | |a Obra de Ejercicios Parroquiales |x Revistes |9 30347 | ||
| 650 | |a Recessos espirituals |x Revistes |9 30348 | ||
| 655 | 0 | |9 55823 |a Revistes | |
| 700 | |a Obra d'Exercicis Parroquials |9 30349 | ||
| 866 | |a Núm. 39 (gener 1944) - Núm. 50 (desembre 1944) | ||
| 901 | |a Arxiu | ||
| 942 | |n 1 |2 udc |c REV | ||
| 952 | |0 0 |1 0 |2 udc |4 0 |6 REV376 |7 1 |9 45390 |a Arxiu |b Arxiu |d 2016-12-01 |h Núm. 39 (gener 1944) - Núm. 50 (desembre 1944) |o Rev-376 |p 14506 |r 2016-12-01 00:00:00 |w 2016-12-01 |y ARXIU | ||
| 999 | |c 48475 |d 48475 | ||